000 00696nam a2200229Ii 4500
003 JO-AjNU
008 230605s9999||||xx |||||||||||||| ||und||
017 _a2004/6/1537
040 _aJO-AjNU
_bara
_erda
_cJO-AjNU
041 _aara
050 1 4 _aPJ7858.U7.A98 2004
100 3 _aتأليف القسوس، فؤاد,
_eauthor
_948812
245 0 0 _aالعودة من الشمال
250 _aط2
264 3 1 _aعمان:وزارة الثقافة،2004
300 _a230ص
336 _atext
_btxt
_2rdacontent
337 _aunmediated
_bn
_2rdamedia
338 _avolume
_bnc
_2rdacarrier
490 0 _aسلسلة كتاب الشهر
650 4 _aالأدب العربي - قصص
_948813
999 _aA21401
_c24969
_d24969